[Event "BL2-West 2223"]
[Site "Germany"]
[Date "2022.10.23"]
[Round "2.1"]
[White "Lutz, Christopher"]
[Black "Berelowitsch, Alexander"]
[Result "1/2-1/2"]
[WhiteElo "2532"]
[BlackElo "2497"]
[PlyCount "99"]
[EventDate "2022.10.22"]
[EventType "team-tourn"]
[EventRounds "10"]
[EventCountry "GER"]
[SourceTitle "EXT 2024"]
[Source "ChessBase"]
[SourceDate "2023.10.10"]
[SourceVersion "1"]
[SourceVersionDate "2023.10.10"]
[SourceQuality "1"]
[WhiteTeam "Koeln Porz"]
[BlackTeam "Duesseldorf"]
[WhiteTeamCountry "GER"]
[BlackTeamCountry "GER"]

1. e4 c5 2. Nf3 g6 3. d4 cxd4 4. Nxd4 Bg7 5. c4 Nc6 6. Be3 Nf6 7. Nc3 Ng4 8. Qxg4 Nxd4 9. Qd1 e5 10. Bd3 0-0 11. 0-0 d6 12. Qd2 Be6 13. Ne2 a6 14. Nxd4 exd4 15. Bh6 Bxh6 16. Qxh6 Rc8 17. b3 b5 18. cxb5 axb5 19. Qd2 f6 20. Rad1 d5 21. Rfe1 dxe4 22. Bxe4 Bf7 23. Qxd4 Qxd4 24. Rxd4 Rfd8 25. Rdd1 b4 26. Kf1 f5 27. Bb7 Rxd1 28. Rxd1 Rc2 29. Bd5 Rxa2 30. Bxf7+ Kxf7 31. Rd4 Rb2 32. Rxb4 g5 33. h3 h5 34. g3 g4 35. h4 Kf6 36. Rb5 Ke6 37. Ke1 Kf6 38. Rb8 Ke5 39. Re8+ Kd4 40. Re3 Kd5 41. Kf1 Kd4 42. Kg2 Rb1 43. Re8 Rxb3 44. Rh8 f4 45. gxf4 Ke4 46. Rxh5 Kxf4 47. Ra5 Rh3 48. h5 Rh4 49. Rb5 Rh3 50. Ra5 1/2-1/2

[Event "BL2-West 2223"]
[Site "Germany"]
[Date "2022.10.22"]
[Round "1.1"]
[White "Lenaerts, Lennert"]
[Black "Lutz, Christopher"]
[Result "1/2-1/2"]
[WhiteElo "2375"]
[BlackElo "2532"]
[PlyCount "43"]
[EventDate "2022.10.22"]
[EventType "team-tourn"]
[EventRounds "10"]
[EventCountry "GER"]
[SourceTitle "EXT 2024"]
[Source "ChessBase"]
[SourceDate "2023.10.10"]
[SourceVersion "1"]
[SourceVersionDate "2023.10.10"]
[SourceQuality "1"]
[WhiteTeam "Muelheim Nord II"]
[BlackTeam "Koeln Porz"]
[WhiteTeamCountry "GER"]
[BlackTeamCountry "GER"]

1. e4 c5 2. Nf3 d6 3. Bb5+ Bd7 4. Bxd7+ Qxd7 5. c4 Nf6 6. Nc3 g6 7. d4 cxd4 8. Nxd4 Bg7 9. f3 0-0 10. Be3 a6 11. 0-0 Nc6 12. Qd3 Ne5 13. Qe2 Qc7 14. b3 e6 15. Rac1 Rac8 16. h3 Ned7 17. Rfd1 Rfd8 18. Qd2 Qb8 19. Nde2 Bf8 20. a4 Qc7 21. Bd4 Bg7 22. Kh1 1/2-1/2

[Event "Oberliga NRW 1819"]
[Site "Germany"]
[Date "2019.02.17"]
[Round "6.2"]
[White "Kotainy, Jens"]
[Black "Lutz, Christopher"]
[Result "1/2-1/2"]
[WhiteElo "2429"]
[BlackElo "2537"]
[PlyCount "69"]
[EventDate "2018.09.16"]
[EventType "team-tourn"]
[EventRounds "9"]
[EventCountry "GER"]
[SourceTitle "EXT 2020"]
[Source "ChessBase"]
[SourceDate "2019.10.17"]
[SourceVersion "1"]
[SourceVersionDate "2019.10.17"]
[SourceQuality "1"]
[WhiteTeam "Bochum SG"]
[BlackTeam "Koeln Porz"]
[WhiteTeamCountry "GER"]
[BlackTeamCountry "GER"]

1. d4 Nf6 2. Bf4 e6 3. e3 b6 4. Nd2 Bb7 5. Ngf3 Be7 6. h3 0-0 7. Bd3 c5 8. 0-0 Nc6 9. c3 d6 10. Qe2 Re8 11. Bg3 h6 12. e4 cxd4 13. cxd4 Nd7 14. Rac1 a6 15. Nc4 Nf8 16. e5 dxe5 17. dxe5 b5 18. Nd6 Bxd6 19. exd6 e5 20. Rfd1 Re6 21. d7 Nd4 22. Nxd4 exd4 23. Qh5 Nxd7 24. Rc7 Rb6 25. a4 Rc8 26. a5 Rxc7 27. Bxc7 Qxc7 28. axb6 Qxb6 29. Re1 Qd8 30. Qf5 g6 31. Qf4 Nc5 32. Bb1 Qd5 33. f3 Kg7 34. b4 Ne6 35. Qb8 1/2-1/2

[Event "BL2-West 1617"]
[Site "Germany"]
[Date "2017.03.19"]
[Round "7.8"]
[White "Lutz, Christopher"]
[Black "Bee, Marcus"]
[Result "1/2-1/2"]
[WhiteElo "2535"]
[BlackElo "2157"]
[PlyCount "80"]
[EventDate "2016.10.16"]
[EventType "team-tourn"]
[EventRounds "9"]
[EventCountry "GER"]
[SourceTitle "EXT 2018"]
[Source "ChessBase"]
[SourceDate "2017.10.13"]
[SourceVersion "1"]
[SourceVersionDate "2017.10.13"]
[SourceQuality "1"]
[WhiteTeam "Koeln Porz"]
[BlackTeam "Katernberg"]
[WhiteTeamCountry "GER"]
[BlackTeamCountry "GER"]

1. e4 e6 2. d4 d5 3. Nc3 Nc6 4. Nf3 Nf6 5. Bg5 Be7 6. Bxf6 Bxf6 7. Bb5 0-0 8. Qd2 a6 9. Bxc6 bxc6 10. e5 Be7 11. Na4 f6 12. 0-0 Bd7 13. Nc5 Bxc5 14. dxc5 a5 15. a3 Qe7 16. b4 axb4 17. axb4 Rfb8 18. c3 Qf8 19. h3 Rxa1 20. Rxa1 Ra8 21. Rxa8 Qxa8 22. Kh2 Qf8 23. Qf4 f5 24. Nd4 h6 25. h4 Qe7 26. Kg1 Qe8 27. g3 Qa8 28. Kg2 Qa3 29. Qd2 Qa6 30. Qe2 Qa3 31. Qc2 Qa6 32. f3 Qa8 33. Qd2 Qa6 34. Qe2 Qa3 35. Qc2 Qa8 36. Ne2 Qa6 37. Qd2 Qc4 38. Nd4 Qa6 39. Qe2 Qa3 40. Qc2 Qa8 1/2-1/2

[Event "BL2-West 1516"]
[Site "Germany"]
[Date "2015.11.15"]
[Round "3.4"]
[White "Lutz, Christopher"]
[Black "Hendriks, Willy"]
[Result "0-1"]
[WhiteElo "2539"]
[BlackElo "2395"]
[PlyCount "66"]
[EventDate "2015.09.20"]
[EventType "team-tourn"]
[EventRounds "9"]
[EventCountry "GER"]
[SourceTitle "EXT 2017"]
[Source "ChessBase"]
[SourceDate "2016.10.25"]
[SourceVersion "1"]
[SourceVersionDate "2016.10.25"]
[SourceQuality "1"]
[WhiteTeam "Koeln Porz"]
[BlackTeam "Bochum"]
[WhiteTeamCountry "GER"]
[BlackTeamCountry "GER"]

1. e4 d6 2. d4 Nf6 3. Nc3 g6 4. Bg5 Bg7 5. Qd2 c6 6. f4 0-0 7. Nf3 d5 8. Bd3 dxe4 9. Nxe4 Nbd7 10. f5 Nxe4 11. Bxe4 Nf6 12. Bxf6 Bxf6 13. g4 c5 14. 0-0-0 Qb6 15. h4 Rd8 16. fxg6 hxg6 17. g5 Bg7 18. h5 gxh5 19. Rxh5 Bg4 20. Qh2 Bxh5 21. Qxh5 Qe6 22. Qh7+ Kf8 23. Rf1 Qxa2 24. Nd2 Bxd4 25. c3 Bg7 26. Bg6 f6 27. gxf6 exf6 28. Bc2 Rxd2 29. Kxd2 Qxb2 30. Rg1 Rd8+ 31. Ke2 Qb5+ 32. Kf2 Rd2+ 33. Kg3 Qe2 0-1

[Event "BL2-West 1415"]
[Site "Germany"]
[Date "2015.01.18"]
[Round "5.4"]
[White "Sonntag, Hans Hubert"]
[Black "Lutz, Christopher"]
[Result "0-1"]
[WhiteElo "2372"]
[BlackElo "2554"]
[PlyCount "90"]
[EventDate "2014.09.21"]
[EventType "team-tourn"]
[EventRounds "9"]
[EventCountry "GER"]
[SourceTitle "CBM 166 Extra"]
[Source "ChessBase"]
[SourceDate "2015.06.18"]
[SourceVersion "1"]
[SourceVersionDate "2015.06.18"]
[SourceQuality "1"]
[WhiteTeam "Aachen SV"]
[BlackTeam "Koeln Porz"]
[WhiteTeamCountry "GER"]
[BlackTeamCountry "GER"]

1. e4 c5 2. Nf3 e6 3. d4 cxd4 4. Nxd4 a6 5. Nc3 b5 6. Bd3 Qb6 7. Nb3 Qc7 8. a4 b4 9. Ne2 Nf6 10. Ned4 Bb7 11. Qe2 Bd6 12. Nf3 Nc6 13. 0-0 0-0 14. h3 h6 15. a5 Rfe8 16. Re1 Ne5 17. Nbd4 Nxd3 18. cxd3 Bf8 19. Bd2 e5 20. Rec1 Qb8 21. Nf5 d5 22. Ng3 Qd6 23. Ra4 Qd7 24. Raa1 Qb5 25. Re1 Rac8 26. exd5 Qxd5 27. Be3 Bc6 28. Ne4 Qe6 29. Nxf6+ Qxf6 30. Nd2 Qg6 31. f3 Bb5 32. Nc4 e4 33. fxe4 Bxc4 34. dxc4 Rxe4 35. Qf3 Rexc4 36. Re2 Rc2 37. Rae1 b3 38. Bd4 Rxe2 39. Rxe2 Rc1+ 40. Kf2 Rc2 41. Qxb3 Rxe2+ 42. Kxe2 Qxg2+ 43. Kd1 Qe4 44. Qc3 g5 45. b4 Qb1+ 0-1

[Event "BL2-West 1314"]
[Site "Germany"]
[Date "2013.10.13"]
[Round "1.3"]
[White "Doncevic, Dario"]
[Black "Lutz, Christopher"]
[Result "1-0"]
[WhiteElo "2298"]
[BlackElo "2559"]
[PlyCount "137"]
[EventDate "2013.10.13"]
[EventType "team-tourn"]
[EventRounds "9"]
[EventCountry "GER"]
[SourceTitle "EXT 2015"]
[Source "ChessBase"]
[SourceDate "2014.11.20"]
[SourceVersion "1"]
[SourceVersionDate "2014.11.20"]
[SourceQuality "1"]
[WhiteTeam "Koblenz"]
[BlackTeam "Koeln Porz"]
[WhiteTeamCountry "GER"]
[BlackTeamCountry "GER"]

1. e4 c5 2. c3 Nf6 3. e5 Nd5 4. Nf3 e6 5. d4 cxd4 6. cxd4 d6 7. Nc3 Nxc3 8. bxc3 Nd7 9. Bf4 Qc7 10. Rc1 dxe5 11. Bxe5 Nxe5 12. Nxe5 a6 13. Bd3 Bd6 14. f4 g6 15. 0-0 f6 16. Ng4 0-0 17. g3 b5 18. Qb3 Kg7 19. Nf2 Rb8 20. Ne4 Be7 21. Rfe1 Qd7 22. Nf2 Re8 23. Bf1 Bf8 24. Bh3 Qd6 25. Rcd1 Bd7 26. Re3 Rbc8 27. Rde1 b4 28. cxb4 Qxb4 29. Bxe6 Bxe6 30. Rxe6 Rxe6 31. Qxe6 Rd8 32. Rc1 Qd6 33. Qxd6 Bxd6 34. Rc6 Bb8 35. Rb6 f5 36. Kf1 Kf7 37. Ke2 a5 38. Nd3 Ke7 39. Ne5 Bxe5 40. dxe5 Rd4 41. Rb7+ Ke6 42. Rxh7 Ra4 43. Rg7 Rxa2+ 44. Kf3 Rxh2 45. Rxg6+ Kd5 46. Rd6+ Kc5 47. Rf6 Rh5 48. Ra6 Kb5 49. Ra8 Rh6 50. Rf8 a4 51. Rxf5 a3 52. e6+ Kb4 53. e7 Re6 54. Re5 Rxe5 55. fxe5 a2 56. e8Q a1Q 57. Qe7+ Kc4 58. Qe6+ Kc5 59. Qd6+ Kb5 60. Qd5+ Kb6 61. Kf4 Qc1+ 62. Kg4 Qe3 63. e6 Qe2+ 64. Kf4 Qf2+ 65. Qf3 Qd4+ 66. Qe4 Qf6+ 67. Kg4 Qg7+ 68. Kf3 Qf6+ 69. Qf4 1-0

[Event "BL2-West 1213"]
[Site "Germany"]
[Date "2013.02.03"]
[Round "6.3"]
[White "Lutz, Christopher"]
[Black "Mertens, Heiko"]
[Result "1/2-1/2"]
[WhiteElo "2559"]
[BlackElo "2301"]
[PlyCount "111"]
[EventDate "2012.10.14"]
[EventType "team-tourn"]
[EventRounds "9"]
[EventCountry "GER"]
[SourceTitle "CBM 154 Extra"]
[Source "ChessBase"]
[SourceDate "2013.06.25"]
[SourceVersion "2"]
[SourceVersionDate "2013.06.25"]
[SourceQuality "1"]
[WhiteTeam "Koeln Porz"]
[BlackTeam "Godesberg"]
[WhiteTeamCountry "GER"]
[BlackTeamCountry "GER"]

1. e4 c5 2. Nf3 Nc6 3. d4 cxd4 4. Nxd4 Nf6 5. Nc3 e5 6. Ndb5 d6 7. Bg5 a6 8. Na3 b5 9. Bxf6 gxf6 10. Nd5 f5 11. exf5 Bxf5 12. c3 Bg7 13. Nc2 0-0 14. Nce3 Be6 15. Bd3 f5 16. 0-0 e4 17. Nf4 Bf7 18. Bc2 Be5 19. Nfd5 Qh4 20. g3 Qh3 21. f4 Bg7 22. Nc7 Rad8 23. Bb3 d5 24. Bxd5 Kh8 25. Qe1 Bxd5 26. Ncxd5 b4 27. Rd1 bxc3 28. bxc3 Rd6 29. Rf2 Rfd8 30. Rb2 Qh5 31. Qe2 Qf7 32. Rbd2 h6 33. Kg2 Kh7 34. h3 h5 35. Kf2 Kg8 36. Ke1 Qg6 37. Kf2 Qf7 38. a3 Na5 39. Nb4 Rxd2 40. Rxd2 Rxd2 41. Qxd2 Nc4 42. Qd8+ Kh7 43. Nxc4 Qxc4 44. Qd5 Qxc3 45. Qxf5+ Kg8 46. Qd5+ Kf8 47. Qa8+ Kf7 48. Qxe4 Qxa3 49. Qd5+ Kf8 50. Nd3 a5 51. Ne5 Qb2+ 52. Kf3 Qc3+ 53. Ke2 Qc2+ 54. Kf3 Qc3+ 55. Ke2 Qc2+ 56. Kf3 1/2-1/2

[Event "BL2-West 1112"]
[Site "Germany"]
[Date "2012.02.26"]
[Round "7.4"]
[White "Lutz, Christopher"]
[Black "Haub, Thorsten Michael"]
[Result "1/2-1/2"]
[WhiteElo "2571"]
[BlackElo "2462"]
[PlyCount "39"]
[EventDate "2011.10.02"]
[EventType "team-tourn"]
[EventRounds "9"]
[EventCountry "GER"]
[SourceTitle "EXT 2015"]
[Source "ChessBase"]
[SourceDate "2014.11.20"]
[SourceVersion "1"]
[SourceVersionDate "2014.11.20"]
[SourceQuality "1"]
[WhiteTeam "Koeln Porz"]
[BlackTeam "Bochum SG"]
[WhiteTeamCountry "GER"]
[BlackTeamCountry "GER"]

1. e4 g6 2. d4 Bg7 3. Nc3 d6 4. f4 a6 5. Nf3 e6 6. Bd3 Ne7 7. 0-0 b5 8. Be3 0-0 9. Qd2 f5 10. e5 Nd7 11. a4 b4 12. Ne2 a5 13. c4 bxc3 14. bxc3 Nb6 15. Qc2 Ba6 16. Bxa6 Rxa6 17. Rfb1 Nc4 18. Bf2 Nd5 19. Rb5 Qd7 20. Qd3 1/2-1/2